000
00310 a2200145 4500
001
150661
040
_c
Escola São Tomás de Aquino
100
_a
MACHADO, Ana Maria
240
1
0
_a
Onde está Deus
_l
por
245
1
0
_a
Onde está Deus
300
_a
36
362
0
_a
2008
697
_a
RELIGIÃO
942
_c
BK
999
_c
150661
_d
150661